[Event "?"]
[Site "?"]
[Date "????.??.??"]
[Round "?"]
[White "Wiessner, J."]
[Black "Koch, R."]
[Result "1-0"]
[WhiteElo "1861"]
[BlackElo "1718"]
[PlyCount "79"]
[EventDate "2013.??.??"]

1. Nf3 Nf6 2. c4 e6 3. g3 b6 4. Bg2 Bb7 5. O-O Be7 6. Nc3 O-O 7. d4 d5 8. cxd5
Nxd5 9. Re1 c5 10. e4 Nxc3 11. bxc3 cxd4 12. cxd4 Bb4 13. Bd2 Bxd2 14. Qxd2 Nd7
15. Rad1 Nf6 16. Ne5 Qc7 17. Rc1 Qd8 18. Nc6 Qd7 19. e5 Nd5 20. Bxd5 exd5 21.
Nb4 Rac8 22. Nc2 Rc7 23. Ne3 Rfc8 24. Rxc7 Rxc7 25. Rc1 Rxc1+ 26. Qxc1 h6 27.
Qc2 Qc6 28. Qb3 Qc1+ 29. Kg2 Qd2 30. Qa4 Qd3 31. g4 b5 32. Qxa7 Qe4+ 33. Kg3 g5
34. Qb8+ Kh7 35. Qxb7 Qf4+ 36. Kg2 Qe4+ 37. Kg1 Qb1+ 38. Nf1 Qd1 39. Qxf7+ Kh8
40. Qf5 1-0

[Event "?"]
[Site "?"]
[Date "????.??.??"]
[Round "?"]
[White "von Koslowski, U."]
[Black "Kretschmer, W."]
[Result "1/2-1/2"]
[WhiteElo "1749"]
[BlackElo "1597"]
[PlyCount "127"]
[EventDate "2013.??.??"]

1. Nf3 Nf6 2. c4 g6 3. d4 Bg7 4. g3 O-O 5. Bg2 d6 6. Nc3 Nbd7 7. e4 c5 8. O-O
Qc7 9. d5 a6 10. Qc2 Rb8 11. a4 Ne5 12. Nxe5 dxe5 13. f4 Ne8 14. f5 Nd6 15. Qd3
Bd7 16. Bg5 f6 17. Be3 b6 18. g4 g5 19. Rf3 Kf7 20. Bf1 Rh8 21. Ne2 b5 22. axb5
axb5 23. b3 bxc4 24. bxc4 Rb4 25. Rc1 Rhb8 26. Ng3 Rb3 27. Rc3 Rb1 28. Bc1 Qa5
29. Qd2 Qa1 30. Rfe3 Qa5 31. Qg2 Ra1 32. Qh3 Kg8 33. Ne2 Be8 34. Ra3 Rxa3 35.
Rxa3 Qb4 36. Ra7 Bf8 37. Ng3 Qe1 38. Bxg5 Nxe4 39. Nxe4 Qxe4 40. Bd2 Bf7 41.
Ra3 Rb1 42. Rg3 Qxc4 43. g5 fxg5 44. Bxg5 Kh8 45. f6 e6 46. Rf3 h5 47. dxe6
Qxe6 48. Qxe6 Bxe6 49. Kg2 Bd5 50. Bd3 Rb3 51. Be2 Bxf3+ 52. Bxf3 Rb4 53. h4 c4
54. Bxh5 c3 55. Bg6 c2 56. Kf3 Rc4 57. Bc1 Rxh4 58. Ke2 Rh2+ 59. Kd3 Rg2 60.
Be4 Rf2 61. Kc3 Rxf6 62. Kxc2 Kg7 63. Kd3 Bd6 64. Ke2 1/2-1/2

[Event "?"]
[Site "?"]
[Date "????.??.??"]
[Round "?"]
[White "Gabriel, W."]
[Black "Frommelt, R."]
[Result "0-1"]
[WhiteElo "1733"]
[BlackElo "1765"]
[PlyCount "44"]
[EventDate "2013.??.??"]

1. e4 g6 2. d4 Bg7 3. Bc4 c5 4. c3 cxd4 5. cxd4 Nc6 6. Nf3 d6 7. O-O Nf6 8. Nc3
O-O 9. a3 a6 10. Ba2 b5 11. b4 Bb7 12. Re1 Nd7 13. Bb2 Nb6 14. Ne2 Na4 15. Bc1
Qd7 16. Rb1 Rac8 17. Bb3 Nb6 18. Be3 Nb8 19. Qd3 Nc4 20. Ng3 Nxe3 21. Rxe3 Rc7
22. Ne2 Bh6 0-1

[Event "?"]
[Site "?"]
[Date "????.??.??"]
[Round "?"]
[White "Zalewski, U."]
[Black "Mishin, F."]
[Result "1/2-1/2"]
[WhiteElo "1805"]
[BlackElo "1801"]
[PlyCount "82"]
[EventDate "2013.??.??"]

1. e4 e5 2. Nf3 Nc6 3. Bb5 a6 4. Ba4 b5 5. Bb3 Na5 6. Nxe5 Nxb3 7. axb3 Qe7 8.
d4 f6 9. Nf3 Qxe4+ 10. Be3 Bb7 11. O-O Bd6 12. Re1 Ne7 13. Nbd2 Qg6 14. c4 Nf5
15. Bf4+ Kf7 16. Bxd6 Nxd6 17. d5 Rhe8 18. Rxe8 Rxe8 19. Qf1 Ne4 20. Nxe4 Rxe4
21. Re1 Rf4 22. Qe2 Kg8 23. Qe8+ Qxe8 24. Rxe8+ Kf7 25. Rb8 Bxd5 26. cxd5 Rf5
27. Kf1 Rxd5 28. Ke2 Rc5 29. Kd2 g5 30. Rh8 Kg7 31. Re8 Kf7 32. Re3 h5 33. Rc3
Rd5+ 34. Rd3 Ke6 35. Rxd5 Kxd5 36. Kc3 c5 37. h3 g4 38. hxg4 hxg4 39. Nd2 f5
40. f4 a5 41. g3 d6 1/2-1/2

[Event "?"]
[Site "?"]
[Date "????.??.??"]
[Round "?"]
[White "Reinisch, J."]
[Black "Zilch, L."]
[Result "0-1"]
[WhiteElo "1645"]
[BlackElo "1911"]
[PlyCount "76"]
[EventDate "2013.??.??"]

1. c4 Nf6 2. Nc3 d6 3. d4 e5 4. dxe5 dxe5 5. Qxd8+ Kxd8 6. Nf3 Nbd7 7. g3 c6 8.
Bg2 Bb4 9. Bd2 a5 10. Rd1 Kc7 11. O-O a4 12. a3 Be7 13. Rc1 h6 14. Rfd1 Re8 15.
Be3 Bc5 16. Bxc5 Nxc5 17. Nd2 Be6 18. Nce4 Nfxe4 19. Nxe4 Nb3 20. Rc3 Red8 21.
Rcd3 Bxc4 22. Rxd8 Rxd8 23. Rxd8 Kxd8 24. Nd6 Be6 25. Ne4 Kc7 26. Nc3 b5 27. e3
Nd2 28. Bf1 Bc4 29. Bh3 Bd3 30. Bg4 Nc4 31. Nd1 Bc2 32. Nc3 Nxb2 33. Be2 Bd3
34. Kf1 Bxe2+ 35. Kxe2 Nc4 36. Nb1 c5 37. Kd3 Kc6 38. Kc3 Nxa3 0-1

[Event "?"]
[Site "?"]
[Date "????.??.??"]
[Round "?"]
[White "Wunderlich, M."]
[Black "Helbig, C."]
[Result "1/2-1/2"]
[WhiteElo "1785"]
[BlackElo "1786"]
[PlyCount "78"]
[EventDate "2013.??.??"]

1. Nc3 Nf6 2. e4 d6 3. f4 e5 4. Nf3 Nbd7 5. Bc4 Be7 6. O-O O-O 7. d3 c6 8. Ne2
b5 9. Bb3 Bb7 10. Ng3 Re8 11. Nf5 Bf8 12. fxe5 Nxe5 13. Qe1 g6 14. Nh6+ Bxh6
15. Bxh6 Nfg4 16. Bg5 Nxf3+ 17. Rxf3 Qxg5 18. Rxf7 d5 19. Rxb7 Qe5 20. g3 Qd4+
21. Kg2 Rf8 22. Kh3 h5 23. Qc3 Rf7 24. Kh4 Qf6+ 25. Qxf6 Nxf6 26. exd5 cxd5 27.
Kg5 Kh8 28. Re1 Nh7+ 29. Kh6 Nf6 30. Ree7 Ng8+ 31. Kxg6 Nxe7+ 32. Rxe7 Rg8+ 33.
Kh6 Rf6+ 34. Kxh5 Rf2 35. h3 Rxg3 36. Kh4 Rg8 37. Re5 Rf4+ 38. Kh5 Rf7 39. Kh4
Rf4+ 1/2-1/2

[Event "?"]
[Site "?"]
[Date "????.??.??"]
[Round "?"]
[White "Jahn, D."]
[Black "Bisse, V."]
[Result "0-1"]
[WhiteElo "1816"]
[BlackElo "1967"]
[PlyCount "84"]
[EventDate "2013.??.??"]

1. b4 Nf6 2. Bb2 g6 3. e3 Bg7 4. Nf3 d6 5. Be2 Nbd7 6. d4 O-O 7. O-O Ne4 8.
Nbd2 Ndf6 9. Rb1 Bf5 10. Nxe4 Nxe4 11. Nh4 Bd7 12. d5 Bxb2 13. Rxb2 Nc3 14. Qd3
Nxe2+ 15. Qxe2 e6 16. dxe6 fxe6 17. Nf3 Qf6 18. c4 e5 19. Qd2 Bc6 20. Ne1 b6
21. b5 Bb7 22. a4 a5 23. Qe2 Rf7 24. e4 Raf8 25. f3 Qh4 26. Qf2 Qg5 27. Re2 Bc8
28. Qe3 Qh4 29. Qf2 Qe7 30. Qe3 Be6 31. Rc2 Rf6 32. Nd3 Qf7 33. Rff2 Kg7 34.
Qc1 h6 35. Ne1 g5 36. h3 Qh5 37. Kh2 g4 38. fxg4 Bxg4 39. Kg1 Bd1 40. Rxf6 Rxf6
41. g4 Qxh3 42. Rg2 Be2 0-1

[Event "?"]
[Site "?"]
[Date "????.??.??"]
[Round "?"]
[White "Beyer, M."]
[Black "Heber, M."]
[Result "1/2-1/2"]
[WhiteElo "1560"]
[BlackElo "1634"]
[PlyCount "107"]
[EventDate "2013.??.??"]

1. e4 e6 2. d4 d5 3. e5 c5 4. c3 Nc6 5. Nf3 Bd7 6. Be2 Qb6 7. O-O Nge7 8. g4 h5
9. dxc5 Qxc5 10. Be3 Qa5 11. gxh5 Qc7 12. Bf4 Rxh5 13. Bg3 Rh8 14. Bd3 g6 15.
Re1 Bg7 16. Qe2 O-O-O 17. Nd4 Nxd4 18. cxd4 Qb6 19. Qc2+ Nc6 20. Qc5 Qxb2 21.
Nc3 Qb4 22. Nb5 Qxc5 23. dxc5 Rhf8 24. Rab1 Kb8 25. Nd6 Bc8 26. Rb2 Rd7 27. Bb5
Ka8 28. Reb1 Rc7 29. Bxc6 Rxc6 30. Nxb7 Bxb7 31. Rxb7 Rxc5 32. f4 Ra5 33. Bh4
Rxa2 34. Be7 Rc8 35. Bd6 Rc1+ 36. Rxc1 Kxb7 37. Rc7+ Kb6 38. Rxf7 Bh6 39. Rf6
Kb5 40. Rxg6 Bxf4 41. Rxe6 Bxh2+ 42. Kf1 d4 43. Rf6 Kc4 44. Rf2 Rxf2+ 45. Kxf2
Kd5 46. Bf8 a5 47. e6 Bg1+ 48. Kxg1 Kxe6 49. Kf2 a4 50. Bb4 Kd5 51. Ke2 Kc4 52.
Bd6 Kc3 53. Kd1 Kd3 54. Ba3 1/2-1/2

[Event "?"]
[Site "?"]
[Date "????.??.??"]
[Round "?"]
[White "Völler, L."]
[Black "Mittelstaedt, E."]
[Result "1-0"]
[WhiteElo "1679"]
[BlackElo "1683"]
[PlyCount "85"]
[EventDate "2013.??.??"]

1. e4 c5 2. Nf3 d6 3. Bc4 e5 4. d3 Be7 5. Nc3 Nf6 6. h3 O-O 7. Be3 a6 8. a4 Nc6
9. g4 Nd4 10. Nd5 Nxd5 11. Bxd5 Nxf3+ 12. Qxf3 Rb8 13. a5 b5 14. axb6 Qxb6 15.
b3 Be6 16. O-O Bxd5 17. exd5 Ra8 18. Qe4 a5 19. Ra4 Rfb8 20. f4 f6 21. f5 Qd8
22. Bd2 Qc7 23. Kg2 Bd8 24. Rh1 Qf7 25. h4 h6 26. Rf1 Rb5 27. Kh3 Qb7 28. Rg1
Ra7 29. g5 fxg5 30. hxg5 Bxg5 31. Bxg5 hxg5 32. Rxg5 Rb4 33. Rxb4 Qxb4 34. Qxb4
axb4 35. Rg6 Rd7 36. Kg4 Kh7 37. Kg5 Kh8 38. f6 gxf6+ 39. Kxf6 Kh7 40. Rg4 Kh8
41. Ke6 Rh7 42. Kxd6 Rh2 43. Rc4 1-0

[Event "?"]
[Site "?"]
[Date "????.??.??"]
[Round "?"]
[White "Grohmann, A."]
[Black "Förster, J."]
[Result "1/2-1/2"]
[WhiteElo "1512"]
[BlackElo "1761"]
[PlyCount "57"]
[EventDate "2013.??.??"]

1. c4 e6 2. g3 d5 3. cxd5 exd5 4. Bg2 Nf6 5. e3 Bg4 6. Ne2 Bd6 7. O-O O-O 8.
Re1 c6 9. a3 Nbd7 10. d4 Re8 11. Nbc3 Bf5 12. b4 Ne4 13. b5 Ndf6 14. bxc6 bxc6
15. f3 Nxc3 16. Nxc3 Rc8 17. e4 dxe4 18. fxe4 Bg4 19. Bf3 Bxf3 20. Qxf3 Nd7 21.
Bf4 Bc7 22. Bxc7 Qxc7 23. e5 c5 24. Nb5 Qc6 25. Qxc6 Rxc6 26. dxc5 Rxe5 27.
Nxa7 Rcxc5 28. Rxe5 Nxe5 29. a4 1/2-1/2

[Event "?"]
[Site "?"]
[Date "????.??.??"]
[Round "?"]
[White "Smagulov, A."]
[Black "Schießl, H."]
[Result "0-1"]
[WhiteElo "1802"]
[BlackElo "1749"]
[PlyCount "114"]
[EventDate "2013.??.??"]

1. d4 Nf6 2. Bg5 Ne4 3. Bf4 c5 4. d5 Qb6 5. Qc1 c4 6. e3 Qa5+ 7. c3 Qxd5 8. Nf3
d6 9. h3 e5 10. Bh2 Be7 11. Be2 O-O 12. O-O Nc6 13. Qc2 Bf5 14. Qa4 b5 15. Qa6
Rab8 16. Rd1 Qc5 17. Nbd2 Nxd2 18. Rxd2 Bc8 19. Qa3 Qxa3 20. bxa3 Be6 21. Ne1
Rb6 22. Bf3 f5 23. Bd5 Nd8 24. Rb1 Kf7 25. Nc2 Nb7 26. Nb4 Rc8 27. Bxe6+ Kxe6
28. Nd5 Ra6 29. f4 e4 30. Rxb5 Nc5 31. Bg3 Nd3 32. Nxe7 Kxe7 33. Rb7+ Kf8 34.
Bh4 Re8 35. Rd7 Re6 36. g4 Rh6 37. Rd8+ Kf7 38. Rd7+ Kg6 39. gxf5+ Kxf5 40. Be7
Ke6 41. Rc7 Rxh3 42. Bf8 Rxe3 43. Rxc4 d5 44. Rc7 Nxf4 45. Rxg7 Rxc3 46. Rxh7
Rg3+ 47. Kh2 Rg6 48. Bc5 Ke5 49. Bd4+ Kf5 50. Rf2 Rh6+ 51. Rxh6 Rxh6+ 52. Kg1
Kg4 53. Rh2 Rxh2 54. Kxh2 a6 55. Ba7 Kf3 56. Kg1 e3 57. Kf1 e2+ 0-1

[Event "?"]
[Site "?"]
[Date "????.??.??"]
[Round "?"]
[White "Kluge, H."]
[Black "Gerling, L."]
[Result "1/2-1/2"]
[WhiteElo "1680"]
[BlackElo "1783"]
[PlyCount "36"]
[EventDate "2013.??.??"]

1. d4 Nf6 2. Nf3 g6 3. e3 Bg7 4. Bd3 O-O 5. Nbd2 d6 6. O-O c5 7. c3 Nfd7 8. e4
Nc6 9. Nb3 a6 10. a4 cxd4 11. cxd4 Rb8 12. Bd2 e6 13. Bc3 b5 14. a5 b4 15. Bd2
Bb7 16. Qe2 e5 17. d5 Nd4 18. Nbxd4 exd4 1/2-1/2

[Event "?"]
[Site "?"]
[Date "????.??.??"]
[Round "?"]
[White "Hilbig, K."]
[Black "Ott, H."]
[Result "1-0"]
[WhiteElo "1759"]
[BlackElo "1674"]
[PlyCount "68"]
[EventDate "2013.??.??"]

1. d4 d5 2. Nf3 c6 3. e3 Nf6 4. Bd3 e6 5. Nbd2 Bd6 6. O-O O-O 7. b3 Nbd7 8. Bb2
Re8 9. Ne5 Nf8 10. a3 N6d7 11. f4 f6 12. Qh5 f5 13. Rf3 Nf6 14. Qh3 Re7 15. Kh1
Qe8 16. g4 Bxe5 17. gxf5 Bxf4 18. Rxf4 exf5 19. Re1 g5 20. Rff1 f4 21. Qh6 fxe3
22. Qxf6 Bh3 23. Rg1 g4 24. Nf1 Rf7 25. Qg5+ Rg7 26. Qxe3 Qxe3 27. Rxe3 Ng6 28.
Bxg6 Rxg6 29. a4 Rf8 30. Ng3 Rf2 31. Rge1 Kf7 32. R1e2 Rxe2 33. Rxe2 Kf6 34.
Ba3 Rg7 1-0

[Event "?"]
[Site "?"]
[Date "????.??.??"]
[Round "?"]
[White "Lindner, M."]
[Black "Möller, P."]
[Result "1-0"]
[WhiteElo "1548"]
[BlackElo "1678"]
[PlyCount "89"]
[EventDate "2013.??.??"]

1. d4 Nf6 2. c4 e6 3. Nc3 c5 4. Nf3 d5 5. e3 Nbd7 6. cxd5 Nxd5 7. Bb5 N5f6 8.
O-O Be7 9. e4 O-O 10. e5 Ne8 11. d5 exd5 12. Nxd5 a6 13. Bc4 b5 14. Nxe7+ Qxe7
15. Bg5 Ndf6 16. Bd5 Rb8 17. exf6 gxf6 18. Re1 Qc7 19. Bh6 Ng7 20. Qc2 Rb6 21.
g3 Bh3 22. Nh4 Rd8 23. Bg2 Be6 24. Bf4 Qe7 25. Rad1 Rc8 26. Be4 f5 27. Nxf5 Qf6
28. Nxg7 Qxg7 29. Rd2 Bh3 30. Red1 Qf6 31. Bxh7+ Kg7 32. Be4 Re8 33. Bh1 Rbe6
34. Be3 Qe5 35. Bg2 Qh5 36. Qc3+ f6 37. Rd7+ Kg6 38. Qd3+ f5 39. Rd6 Kf6 40.
Qf1 Bxg2 41. Qxg2 Kf7 42. Rd7+ Kg8 43. Qd5 Kh8 44. Rd8 Re5 45. Qxe5+ 1-0

[Event "?"]
[Site "?"]
[Date "????.??.??"]
[Round "?"]
[White "Dorst, K."]
[Black "Fahland, M."]
[Result "1-0"]
[WhiteElo "1761"]
[BlackElo "1414"]
[PlyCount "95"]
[EventDate "2013.??.??"]

1. e4 e6 2. d4 d5 3. e5 c5 4. c3 Nc6 5. Nf3 cxd4 6. cxd4 Bb4+ 7. Bd2 Qb6 8.
Bxb4 Qxb4+ 9. Qd2 Qxd2+ 10. Nbxd2 Nge7 11. Bd3 Nb4 12. Bb1 Bd7 13. a3 Nbc6 14.
O-O O-O 15. b4 Rfc8 16. Bd3 Rab8 17. Nb3 b6 18. Rfc1 a5 19. bxa5 Nxa5 20. Nxa5
bxa5 21. h4 g6 22. Ba6 Rc6 23. Bf1 Rb3 24. Rcb1 Rcb6 25. Rxb3 Rxb3 26. Be2 Bc6
27. g4 Kg7 28. Kg2 Bb5 29. Bxb5 Rxb5 30. Rc1 Rb3 31. Rc7 Ng8 32. Ng5 Nh6 33.
Nxe6+ Kh8 34. Rc8+ Ng8 35. Ng5 Kg7 36. Rc7 Nh6 37. e6 Kf8 38. Nxh7+ Kg7 39. Ng5
Kf8 40. exf7 Nxf7 41. Nxf7 Rxa3 42. Ne5 g5 43. hxg5 Ra1 44. g6 a4 45. g7+ Kg8
46. g5 a3 47. Ng4 a2 48. Nf6# 1-0

[Event "?"]
[Site "?"]
[Date "????.??.??"]
[Round "?"]
[White "Köpke, P."]
[Black "Kanibalotzka, E."]
[Result "1/2-1/2"]
[WhiteElo "1341"]
[BlackElo "1822"]
[PlyCount "39"]
[EventDate "2013.??.??"]

1. e4 d6 2. d4 Nf6 3. Bd3 e5 4. c3 Nbd7 5. Ne2 g6 6. Bg5 Bg7 7. Nd2 O-O 8. O-O
h6 9. Bh4 g5 10. Bg3 Nh5 11. Nc4 Nf4 12. Ne3 Nb6 13. Nf5 Bxf5 14. exf5 Nbd5 15.
h3 Re8 16. dxe5 Nxe2+ 17. Bxe2 dxe5 18. Bc4 c6 19. Qb3 b5 20. Be2 1/2-1/2

[Event "?"]
[Site "?"]
[Date "????.??.??"]
[Round "?"]
[White "Böhme-Ziska, C."]
[Black "Laskow, V."]
[Result "1/2-1/2"]
[WhiteElo "1747"]
[BlackElo "1472"]
[PlyCount "86"]
[EventDate "2013.??.??"]

1. c4 c5 2. Nf3 Nc6 3. Nc3 e6 4. e4 Nge7 5. d4 cxd4 6. Nxd4 Nxd4 7. Qxd4 Nc6 8.
Qd1 g6 9. Bf4 Bg7 10. Bd6 Nd4 11. Qd2 Qb6 12. c5 Qc6 13. Bd3 b6 14. b4 bxc5 15.
bxc5 Ba6 16. O-O Nb5 17. Bxb5 Bxb5 18. Nxb5 Qxb5 19. Rab1 Qc6 20. Qb4 f5 21. e5
Kf7 22. Qb7 Rhc8 23. Rb2 Bf8 24. Qxc6 Rxc6 25. f4 Bxd6 26. cxd6 Rb6 27. Rfb1
Rab8 28. Rxb6 Rxb6 29. Rxb6 axb6 30. Kf2 Ke8 31. Ke3 Kd8 32. Kd4 Kc8 33. Kc4
Kb7 34. Kb5 h6 35. h4 Ka7 36. a4 Kb7 37. a5 bxa5 38. Kxa5 Ka7 39. Kb5 Kb7 40.
Kc5 Ka6 41. Kb4 Kb6 42. Kc4 Ka5 43. Kc5 Ka6 1/2-1/2

[Event "?"]
[Site "?"]
[Date "????.??.??"]
[Round "?"]
[White "Grube, K."]
[Black "Schießl, W."]
[Result "1-0"]
[WhiteElo "1602"]
[BlackElo "1842"]
[PlyCount "91"]
[EventDate "2013.??.??"]

1. e4 d6 2. d4 Nd7 3. Nf3 Ngf6 4. Nc3 c6 5. a4 Qa5 6. Bd2 Qb6 7. Be2 g6 8. O-O
Bg7 9. Rb1 Qc7 10. h3 e5 11. dxe5 Nxe5 12. Bf4 O-O 13. Qd2 Rd8 14. Rfd1 Be6 15.
b3 Nh5 16. Bh2 Nxf3+ 17. Bxf3 Be5 18. Bxh5 Bxh2+ 19. Kxh2 d5+ 20. g3 gxh5 21.
Qg5+ Kh8 22. Qxh5 Rg8 23. Rbc1 Rg6 24. exd5 cxd5 25. Nxd5 Qc5 26. Qe5+ Rg7 27.
Qd4 Qa5 28. Nf4 Qf5 29. g4 Qg5 30. Nh5 h6 31. Nxg7 Qxg7 32. Qxg7+ Kxg7 33. f4
f6 34. Rd6 Bf7 35. Re1 Rc8 36. c4 h5 37. Re7 hxg4 38. hxg4 Rf8 39. Rdd7 b6 40.
Rxa7 b5 41. axb5 Rh8+ 42. Kg3 Kg6 43. Rxf7 f5 44. gxf5+ Kh5 45. Rh7+ Rxh7 46.
Rxh7# 1-0

[Event "?"]
[Site "?"]
[Date "????.??.??"]
[Round "?"]
[White "Ast, E."]
[Black "Schüring, L."]
[Result "1-0"]
[WhiteElo "1789"]
[BlackElo "1256"]
[PlyCount "109"]
[EventDate "2013.??.??"]

1. d4 d5 2. Nf3 e6 3. c3 c5 4. Bg5 Be7 5. Bxe7 Qxe7 6. e3 Nf6 7. Bd3 O-O 8. O-O
Nbd7 9. Nbd2 e5 10. dxe5 Nxe5 11. Nxe5 Qxe5 12. Nf3 Qc7 13. Qc2 h6 14. Bf5 Bxf5
15. Qxf5 Rfe8 16. Rad1 Rad8 17. h3 c4 18. Qc2 Ne4 19. Rd4 b5 20. Rfd1 Qc6 21.
Ne1 Qe6 22. f3 Nf6 23. e4 Qb6 24. Qf2 Re5 25. R4d2 Qxf2+ 26. Kxf2 Kf8 27. Nc2
a5 28. Ne3 Rde8 29. Nxd5 Nxd5 30. Rxd5 f6 31. Rxe5 Rxe5 32. Rd4 f5 33. f4 Rxe4
34. Rxe4 fxe4 35. Ke3 Ke7 36. Kxe4 Ke6 37. g4 Kd6 38. Kd4 g6 39. h4 h5 40. g5
a4 41. a3 Ke6 42. Ke4 Kd6 43. f5 gxf5+ 44. Kxf5 Ke7 45. Kg6 Kf8 46. Kh7 b4 47.
axb4 a3 48. bxa3 Ke7 49. g6 Kd6 50. g7 Kc6 51. g8=Q Kb5 52. Qa8 Kb6 53. Qa5+
Kc6 54. Qc5+ Kb7 55. Kg6 1-0

[Event "?"]
[Site "?"]
[Date "????.??.??"]
[Round "?"]
[White "Briesemeister, K."]
[Black "Schlegel, H."]
[Result "1-0"]
[WhiteElo "1800"]
[BlackElo "1035"]
[PlyCount "59"]
[EventDate "2013.??.??"]

1. d4 Nf6 2. c4 e6 3. Nc3 Bb4 4. Bg5 Nc6 5. e4 h6 6. Bxf6 Qxf6 7. Nf3 O-O 8. a3
Bxc3+ 9. bxc3 Rd8 10. e5 Qe7 11. Nd2 d5 12. f4 f6 13. Nf3 Rf8 14. Be2 Bd7 15.
O-O fxe5 16. fxe5 Be8 17. cxd5 exd5 18. Qb3 Qf7 19. Ng5 Qd7 20. Rxf8+ Kxf8 21.
e6 Qd6 22. Rf1+ Ke7 23. Nh3 Qxe6 24. Nf4 Qd6 25. Nxd5+ Kd8 26. Nf4 Na5 27. Ne6+
Kd7 28. Nc5+ Kd8 29. Bh5 g6 30. Bxg6 1-0

[Event "?"]
[Site "?"]
[Date "????.??.??"]
[Round "?"]
[White "Hofmann, F."]
[Black "Sorge, D."]
[Result "0-1"]
[WhiteElo "1077"]
[BlackElo "1437"]
[PlyCount "100"]
[EventDate "2013.??.??"]

1. e4 c5 2. Nf3 d6 3. Nc3 Nf6 4. Bc4 Bg4 5. h3 Bh5 6. d3 Nc6 7. Bf4 e5 8. Bg5
h6 9. Be3 a6 10. Qe2 Rb8 11. a3 Be7 12. Rg1 b5 13. Ba2 Nd4 14. Bxd4 cxd4 15.
Nd5 Nxd5 16. Bxd5 O-O 17. g4 Bg6 18. Qd2 Kh8 19. Rh1 f6 20. h4 Bf7 21. Rf1 Bxd5
22. exd5 g5 23. hxg5 fxg5 24. Qe2 Rf4 25. Rh1 Qf8 26. Rh3 Rxg4 27. Nxe5 Rg1+
28. Kd2 Qf4+ 29. Re3 dxe5 30. Rxg1 dxe3+ 31. fxe3 Qf6 32. Rf1 Qg7 33. e4 Rf8
34. Rxf8+ Qxf8 35. c4 Qf4+ 36. Kc2 Bc5 37. Qh5 Qf2+ 38. Kb3 bxc4+ 39. dxc4 Kg7
40. Qe8 Qf6 41. Qc8 Be7 42. Qc7 Qd6 43. Qa7 g4 44. Qg1 h5 45. Kc3 Qf6 46. Qa7
g3 47. Qg1 Qf3+ 48. Kd2 Bg5+ 49. Ke1 Be3 50. Qf1 Bd2+ 0-1

[Event "?"]
[Site "?"]
[Date "????.??.??"]
[Round "?"]
[White "Klein, A."]
[Black "Scharff, J."]
[Result "1/2-1/2"]
[WhiteElo "1735"]
[BlackElo "1693"]
[PlyCount "125"]
[EventDate "2013.??.??"]

1. c4 Nf6 2. d4 e6 3. Nc3 Bb4 4. a3 Bxc3+ 5. bxc3 O-O 6. Nf3 d5 7. Bg5 Nbd7 8.
cxd5 exd5 9. e3 c6 10. c4 Qa5+ 11. Qd2 Qc7 12. Bf4 Qd8 13. Qb4 h6 14. h3 Re8
15. Bd3 Nh5 16. Bh2 dxc4 17. Bxc4 Nb6 18. Be2 Nd5 19. Qd2 Nhf6 20. O-O Ne4 21.
Qb2 Nec3 22. Bd3 Qe7 23. Rac1 Na4 24. Qb3 Nab6 25. Rfe1 Be6 26. Qc2 Qxa3 27.
Bf1 Qe7 28. Qc5 Qd8 29. Ra1 a6 30. Reb1 Nd7 31. Qa3 N5b6 32. Qb4 Bd5 33. Ne5
Ra7 34. Nxd7 Nxd7 35. Rb2 a5 36. Qc3 b5 37. Qd2 Nf6 38. Qe1 a4 39. Qb4 Qd7 40.
Qc5 Rea8 41. Ra3 Ne4 42. Qb4 Nf6 43. Qd6 Qb7 44. f3 Ne8 45. Qc5 Nc7 46. Bxc7
Qxc7 47. e4 Be6 48. Rc3 Qg3 49. Ra3 Bd7 50. d5 cxd5 51. Qxd5 Bxh3 52. Rxb5 Bd7
53. Rc5 Be6 54. Qd4 Rd7 55. Qa1 Bb3 56. Rxb3 axb3 57. Qxa8+ Kh7 58. Rb5 Rd2 59.
Qa1 Qf2+ 60. Kh1 g6 61. Rb7 Kg8 62. e5 h5 63. e6 1/2-1/2

[Event "?"]
[Site "?"]
[Date "????.??.??"]
[Round "?"]
[White "Bui, N."]
[Black "Scholz, R."]
[Result "1-0"]
[WhiteElo "1417"]
[BlackElo "1109"]
[PlyCount "113"]
[EventDate "2013.??.??"]

1. e4 g6 2. d4 Bg7 3. Nf3 c6 4. Nc3 d5 5. Be3 dxe4 6. Nxe4 Bg4 7. c3 Nd7 8. h3
Bf5 9. Bd3 Bxe4 10. Bxe4 Ngf6 11. Bd3 Nd5 12. Bd2 O-O 13. O-O e6 14. Re1 Qc7
15. Bc4 N7b6 16. Bxd5 Nxd5 17. Qc2 Rae8 18. Rad1 e5 19. dxe5 Bxe5 20. Nxe5 Rxe5
21. Rxe5 Qxe5 22. Re1 Qf6 23. Qe4 Qg7 24. Qh4 Qf6 25. Qe4 Qg7 26. Qc2 Kh8 27.
c4 Nb6 28. Bc3 f6 29. b3 Nd7 30. Re3 Ne5 31. Qe2 Nf7 32. Re6 Ng5 33. Re7 Rf7
34. Re8+ Rf8 35. Rxf8+ Qxf8 36. Qe3 Kg7 37. Qxg5 Qd6 38. Qe3 Qd1+ 39. Kh2 Qd6+
40. Qg3 Qe7 41. Qf3 h5 42. Qe3 Qd6+ 43. Qg3 Qe7 44. Ba5 b6 45. Bd2 Qe2 46. Qe3
Qd1 47. Qh6+ Kf7 48. Qh7+ Ke8 49. Qxg6+ Ke7 50. Qe4+ Kf7 51. Be3 Qd6+ 52. Bf4
Qe6 53. Qxe6+ Kxe6 54. g4 hxg4 55. hxg4 f5 56. g5 Kf7 57. Be5 1-0

[Event "?"]
[Site "?"]
[Date "????.??.??"]
[Round "?"]
[White "Hansch, Bianca"]
[Black "Koch, Katrin"]
[Result "1-0"]
[WhiteElo "1577"]
[BlackElo "800"]
[PlyCount "33"]
[EventDate "2013.??.??"]

1. e4 c5 2. b4 e6 3. Nf3 Nf6 4. d3 d5 5. e5 Nfd7 6. bxc5 Bxc5 7. Bd2 Nc6 8. Bf4
f6 9. d4 g5 10. Bg3 Qc7 11. dxc5 Nxc5 12. exf6 Qf7 13. Bb5 Qxf6 14. Bxc6+ bxc6
15. Be5 Qf8 16. Bxh8 Qxh8 17. Nbd2 1-0

[Event "?"]
[Site "?"]
[Date "????.??.??"]
[Round "?"]
[White "Kultscher, C."]
[Black "Knappe, S."]
[Result "1-0"]
[WhiteElo "1046"]
[BlackElo "1072"]
[PlyCount "75"]
[EventDate "2013.??.??"]

1. e4 e5 2. Nf3 Nc6 3. Nc3 a6 4. d3 h6 5. Be3 Nf6 6. d4 Bb4 7. Bd3 Ng4 8. d5
Nxe3 9. fxe3 Ne7 10. O-O d6 11. Ne2 O-O 12. c3 Bc5 13. Qd2 c6 14. b4 Bb6 15.
dxc6 Nxc6 16. Ng3 Bg4 17. Rab1 Bxf3 18. Rxf3 d5 19. exd5 Qxd5 20. Bh7+ Kxh7 21.
Qxd5 f6 22. Nf5 Rad8 23. Qe4 g6 24. Ng3 f5 25. Qc2 f4 26. Ne4 fxe3 27. Qe2 Kg7
28. Nc5 Rfe8 29. Rxe3 a5 30. Qb5 Ba7 31. Qxb7+ Re7 32. Qxc6 axb4 33. Ne6+ Kh7
34. Kh1 Bxe3 35. Nxd8 e4 36. Rxb4 Ra7 37. Rb7+ Rxb7 38. Qxb7+ 1-0